[Event "VIII Int Rapid"]
[Site "El Sauzal ESP"]
[Date "2007.11.03"]
[Round "2"]
[White "Lalic,B"]
[Black "Correa Hernandez,S"]
[Result "1-0"]
[WhiteElo "2500"]
[BlackElo "2025"]

1.d4 d5 2.c4 c6 3.Nf3 Nf6 4.Nc3 e6 5.e3 Nbd7 6.Qc2 Be7 7.b3 O-O 8.Bd3 b6
9.e4 dxe4 10.Nxe4 Bb7 11.O-O c5 12.Rd1 Qc7 13.Bg5 h6 14.Bh4 Rad8 15.Bg3 Qc6
16.Re1 Nh5 17.d5 exd5 18.cxd5 Qc8 19.Nd6 Bxd6 20.Bxd6 Rfe8 21.Be7 Bxd5 22.Bh7+ Kh8
23.Bxd8 Rxd8 24.Be4 Ndf6 25.Bxd5 Rxd5 26.Rad1 Nf4 27.Rxd5 N4xd5 28.Qc4 Qf5
29.Ne5 Kg8 30.g3 g6 31.Qd3 Qc8 32.Qf3 Kg7 33.Nc4 b5 34.Nd6 Qc6 35.Ne4 Nd7
36.Nc3 Qf6 37.Qxd5 Qxc3 38.Re7  1-0

[Event "TCh-BEL 2007-8"]
[Site "Belgium BEL"]
[Date "2007.11.04"]
[Round "3"]
[White "Dambacher,M"]
[Black "Fridman,D2"]
[Result "0-1"]
[WhiteElo "2463"]
[BlackElo "2621"]

1.d4 d5 2.c4 c6 3.Nc3 Nf6 4.e3 e6 5.Nf3 a6 6.b3 Bb4 7.Bd2 Nbd7 8.Bd3 O-O
9.O-O Bd6 10.Qc2 h6 11.Rfe1 Re8 12.c5 Bc7 13.e4 e5 14.exd5 cxd5 15.dxe5 Nxe5
16.Nxe5 Bxe5 17.h3 Bd7 18.Re2 Bd4 19.Rxe8+ Bxe8 20.b4 a5 21.Rb1 axb4 22.Rxb4 Bxc5
23.Rxb7 Bc6 24.Rb1 Qe7 25.Re1 Qa7 26.Re2 Nh5 27.Kh2 Qc7+ 28.Kg1 Qd6 29.Kh1 Bb6
30.Nb5 Qf6 31.Bc1 Ng3+  0-1

[Event "TCh-BEL 2007-8"]
[Site "Belgium BEL"]
[Date "2007.11.04"]
[Round "3"]
[White "Geirnaert,S"]
[Black "Bruehl,A"]
[Result "1-0"]
[WhiteElo "2322"]
[BlackElo "2370"]

1.d4 d5 2.c4 c6 3.Nf3 Nf6 4.Nc3 e6 5.e3 Nbd7 6.Qc2 Bd6 7.b3 O-O 8.Bd3 e5
9.cxd5 cxd5 10.dxe5 Nxe5 11.Bb2 Nxf3+ 12.gxf3 Be6 13.Nb5 Bb4+ 14.Ke2 Rc8
15.Qb1 a6 16.Nd4 Re8 17.a3 Bc3 18.Bxc3 Rxc3 19.Qb2 Rc7 20.h4 g6 21.h5 Nxh5
22.Rxh5 gxh5 23.Rg1+ Kf8 24.Bxh7 Qd6 25.Nb5 Qh2 26.Nxc7 Ke7 27.Rg3 h4 28.Qe5 Rd8
29.Rg5 Qxe5 30.Rxe5 Rh8 31.Nxe6 fxe6 32.Rh5 Kf6 33.Rxh4 Kg7 34.Kd3  1-0

[Event "13th Venice Autumn"]
[Site "Venice ITA"]
[Date "2007.11.04"]
[Round "6"]
[White "Ramesa,D"]
[Black "Mufic,Go"]
[Result "1-0"]
[WhiteElo "2308"]
[BlackElo "2293"]

1.c4 e6 2.d4 d5 3.Nc3 Nf6 4.Nf3 c6 5.e3 b6 6.Bd3 Bb7 7.O-O Nbd7 8.Re1 Be7
9.Rb1 O-O 10.b4 Qc7 11.cxd5 cxd5 12.Qb3 Rfc8 13.Bb2 Qd6 14.a3 Ne4 15.Nb5 Qb8
16.Rec1 a6 17.Rxc8+ Qxc8 18.Rc1 Qd8 19.Nc3 b5 20.a4 bxa4 21.Nxa4 f5 22.Nc5 Ndxc5
23.dxc5 Bc6 24.Nd4 Qc8 25.f3 Nf6 26.Ra1 Kf7 27.Qa2 Bb7 28.c6 Bxb4 29.cxb7 Qxb7
30.Qb3 a5 31.Bc3 Rb8 32.Rb1 Nd7 33.Bxb4 Qxb4 34.Qxb4 Rxb4 35.Rxb4 axb4 36.Kf2 g6
37.Bc2 Nc5 38.Nb3 Nd7 39.Bd3 e5 40.Ke2 Ke6 41.Ba6 Kd6 42.f4 exf4 43.exf4 Nf8
44.g3 Ne6 45.Bc8 Nd8 46.Kd3 Nc6 47.Nd4 Na5 48.Be6 Kc5 49.Bg8 b3 50.Nf3 b2
51.Nd2 Nc4 52.Nb1  1-0

[Event "FSIMA November"]
[Site "Budapest HUN"]
[Date "2007.11.06"]
[Round "4"]
[White "Werner,Di"]
[Black "Kaufman,R"]
[Result "1/2-1/2"]
[WhiteElo "2346"]
[BlackElo "2393"]

1.d4 d5 2.c4 e6 3.Nf3 Nf6 4.Nc3 c6 5.e3 a6 6.Bd3 dxc4 7.Bxc4 b5 8.Bd3 c5
9.a4 b4 10.Ne4 Nbd7 11.O-O Bb7 12.Nxf6+ Nxf6 13.Qe2 cxd4 14.Rd1 Qd5 15.Bc4 Qc6
16.exd4 Rc8 17.b3 Be7 18.d5 exd5 19.Nd4 Qd7 20.Bxa6  1/2-1/2

[Event "ETCC w"]
[Site "Crete GRE"]
[Date "2007.11.06"]
[Round "9"]
[White "Mira,H"]
[Black "Savola,L"]
[Result "0-1"]
[WhiteElo "2174"]
[BlackElo "2040"]

1.d4 d5 2.c4 c6 3.Nc3 Nf6 4.Nf3 e6 5.e3 Nbd7 6.Qc2 Be7 7.g4 dxc4 8.Bxc4 b5
9.Bd3 Bb7 10.e4 h6 11.a3 a6 12.e5 Nd5 13.Ne4 Qc7 14.b4 a5 15.bxa5 Qxa5+ 16.Bd2 Qa4
17.Qb1 N7b6 18.O-O O-O 19.Rc1 f6 20.Bc2 Qa7 21.Qb3 Nc4 22.Qd3 f5 23.Ng3 Nb2
24.Qb3 fxg4 25.Qxb2 Rxf3 26.Bd1 Rxa3 27.Rxa3 Bxa3 28.Qc2 Bxc1 29.Bxc1 Qxd4
30.Bb2 Qf4 31.Qg6 Rf8 32.Ne4 Qf7 33.Qxg4 c5 34.Bc1 Nc3 35.Nf6+ Kh8 36.Bg5 Nxd1
37.Qh4 Qg6 38.f4 gxf6 39.exf6 Kg8 40.Qe1 hxg5  0-1

[Event "Open"]
[Site "Villa de Navalmoral ESP"]
[Date "2007.11.08"]
[Round "6"]
[White "Epishin,V"]
[Black "Espinosa Aranda,A"]
[Result "1-0"]
[WhiteElo "2578"]
[BlackElo "2246"]

1.d4 d5 2.c4 c6 3.Nf3 Nf6 4.e3 e6 5.Nc3 a6 6.b3 Bb4 7.Bd2 O-O 8.Be2 Nbd7
9.O-O Qe7 10.Re1 e5 11.Nxe5 Nxe5 12.dxe5 Qxe5 13.Nxd5 Nxd5 14.cxd5 Bxd2 15.Qxd2 cxd5
16.Rac1 Be6 17.Bf3 Rac8 18.h3 Rfd8 19.Red1 Rxc1 20.Rxc1 g6 21.Qa5 Rd7 22.Rd1 Qc7
23.Qd2 Qe5 24.h4 h5 25.Qe2 Rc7 26.g3 Kg7 27.Qd2 Rd7 28.Bg2 Bg4 29.Qd4 Qxd4
30.Rxd4 Be6 31.Kf1 Kf6 32.Ke1 Ke7 33.Kd2 Kd6 34.b4 Kc7 35.a4 f6 36.a5 b6
37.Bf1 b5 38.Rd3 Rd6 39.Rc3+ Kd7 40.Bg2 Bf5 41.Rc5 Be4 42.Bh3+ f5 43.Kc3 Bb1
44.f3 Ba2 45.Kd4 Bc4 46.Bg2  1-0

[Event "Open"]
[Site "Villa de Navalmoral ESP"]
[Date "2007.11.08"]
[Round "6"]
[White "Gofshtein,Z"]
[Black "Guerra Tulcan,L"]
[Result "0-1"]
[WhiteElo "2542"]
[BlackElo "2231"]

1.Nf3 Nf6 2.c4 e6 3.Nc3 d5 4.d4 c6 5.e3 Nbd7 6.Qc2 Bd6 7.Be2 O-O 8.b3 Re8
9.O-O a6 10.Bb2 b5 11.a3 Qe7 12.Rfe1 Rb8 13.c5 Bc7 14.e4 dxe4 15.Nxe4 Nxe4
16.Qxe4 Nf6 17.Qc2 Bb7 18.Bd3 h6 19.g3 Nd7 20.Bf1 Rbd8 21.Rac1 Nf6 22.Bg2 Nd5
23.Re2 a5 24.h4 Ba6 25.Ree1 Qf6 26.Ne5 Bxe5 27.Rxe5 Rd7 28.Rce1 Qd8 29.h5 b4
30.a4 Bb7 31.Bf3 Ba6 32.Kg2 Rf8 33.Qd2 Qf6 34.R1e4 Bf1+ 35.Kxf1 Qxf3 36.Qc2 f5
37.Rf4 Nxf4 38.gxf4 Qh1+ 39.Ke2 Qxh5+ 40.Ke1 Rd5 41.Re2 Kh8 42.Kd2 Qf3 43.Kc1 Qxf4+
44.Kb1 Re8 45.Qd3 g5 46.Ka2 Kg7 47.Qa6 Qc7 48.Qd3 Kg6 49.f3 Re7 50.Qa6 Re8
51.Qd3 Qc8 52.Qd1 Qb7 53.Qe1 Qf7 54.Rh2 h5 55.Re2 Kf6 56.Rh2 Rh8 57.Qh1 Rh6
58.Bc1 f4 59.Qf1 Kg7 60.Rg2 Kg6 61.Re2 g4 62.Re4 Rf5 63.Bb2 Kh7 64.fxg4 hxg4
65.d5 cxd5 66.Re1 f3 67.c6 Qc7 68.Qf2 Rhh5 69.Qc2 Rh2 70.Qc1 g3 71.Ka1 f2
72.Re2 g2  0-1

[Event "ch-IND w"]
[Site "Pune IND"]
[Date "2007.11.10"]
[Round "6"]
[White "Mohota,N"]
[Black "Swathi,G"]
[Result "0-1"]
[WhiteElo "2416"]
[BlackElo "2316"]

1.d4 d5 2.c4 c6 3.Nc3 Nf6 4.e3 e6 5.Nf3 Nbd7 6.Bd3 dxc4 7.Bxc4 b5 8.Be2 Bb7
9.O-O Be7 10.e4 b4 11.e5 bxc3 12.exf6 Bxf6 13.bxc3 c5 14.dxc5 O-O 15.Be3 Qc7
16.Rb1 Bd5 17.c4 Be4 18.Bd3 Bxd3 19.Qxd3 Nxc5 20.Qc2 Qe7 21.Rb5 Rfc8 22.Rfb1 g6
23.Nd2 Be5 24.Ne4 Bxh2+ 25.Kf1 Bd6 26.Bxc5 Bxc5 27.Qc3 e5 28.Qf3 Bd4 29.Rb7 Qe6
30.Ng5 Qxc4+ 31.Kg1 Rf8 32.g4 Qc3 33.Qxc3 Bxc3 34.Rc7 Rac8 35.Rxa7 Bd4 36.Ra6 Ra8
37.Rxa8 Rxa8 38.Ne4 Rxa2 39.Rb8+ Kg7 40.g5 h6 41.gxh6+ Kxh6 42.Rh8+ Kg7 43.Rh2 f6
44.Rg2 Re2 45.Ng3 Re1+ 46.Kh2 Kf7 47.f3 Re3 48.Rf2 Ra3 49.Rf1 f5 50.Kh3 e4
51.fxe4 Be5 52.exf5 Rxg3+ 53.Kh4 g5+ 54.Kh5 Kf6 55.Rf2 Bf4  0-1

[Event "4NCL"]
[Site "Birmingham ENG"]
[Date "2007.11.11"]
[Round "4"]
[White "Armstrong,M"]
[Black "Jule,A"]
[Result "1/2-1/2"]
[WhiteElo "2118"]
[BlackElo "1896"]

1.d4 d5 2.Nf3 Nf6 3.c4 c6 4.Nc3 e6 5.e3 Nbd7 6.cxd5 exd5 7.Bd3 Bd6 8.O-O O-O
9.b3 Re8 10.Bb2 Ne4 11.Qe2 Ng5 12.Rae1 Re6 13.Nxg5 Qxg5 14.f4 Qh6 15.Rf3 Nf8
16.Qf2 Re7 17.h3 f5 18.a3 Bd7 19.b4 Rae8 20.Bc2 Ng6 21.Re2 a5 22.b5 Nh4 23.Rg3 Qf6
24.Rg5  1/2-1/2

[Event "ch-IND w"]
[Site "Pune IND"]
[Date "2007.11.12"]
[Round "8"]
[White "Karavade,E"]
[Black "Anuprita,P"]
[Result "1-0"]
[WhiteElo "2331"]
[BlackElo "2060"]

1.d4 d5 2.c4 c6 3.Nc3 Nf6 4.e3 e6 5.Nf3 a6 6.b3 c5 7.cxd5 cxd4 8.Nxd4 exd5
9.Bb2 Bd6 10.Be2 O-O 11.O-O Nc6 12.Rc1 Ne5 13.Nf3 Nxf3+ 14.Bxf3 Be5 15.Ba3 Re8
16.Nxd5 Nxd5 17.Qxd5 Qh4 18.g3 Qf6 19.Rfd1 a5 20.Qb5 Be6 21.Qxb7 Rab8 22.Qe4 a4
23.bxa4 Bxa2 24.Rc6 Be6 25.Bg4 Bxg4 26.Rxf6 Bxd1 27.Rc6 Bb2 28.Qd5 Red8 29.Rd6 Rdc8
30.Bxb2  1-0

[Event "Tal Mem"]
[Site "Moscow RUS"]
[Date "2007.11.14"]
[Round "5"]
[White "Mamedyarov,S"]
[Black "Gelfand,B"]
[Result "1/2-1/2"]
[WhiteElo "2752"]
[BlackElo "2736"]

1.d4 Nf6 2.c4 e6 3.Nf3 d5 4.Nc3 c6 5.e3 Nbd7 6.Bd3 dxc4 7.Bxc4 b5 8.Bd3 Bb7
9.e4 b4 10.Na4 c5 11.e5 Nd5 12.O-O cxd4 13.Re1 g6 14.Bg5 Qa5 15.Nd2 Rc8 16.Nc4 Rxc4
17.Bxc4 Bg7 18.Rc1 Nxe5 19.Bf1 Nd7 20.a3 O-O 21.Bd2 Rb8 22.Qb3 Ba8 23.Rc4 Ne5
24.Rc5 Qd8 25.axb4 d3 26.Qd1 Nd7 27.Rc4 Ne5 28.Rc5 Nd7 29.Rc4 Ne5  1/2-1/2

[Event "ch-UKR Final"]
[Site "Kharkov UKR"]
[Date "2007.11.17"]
[Round "1"]
[White "Brodsky,M"]
[Black "Gasanov,E"]
[Result "1/2-1/2"]
[WhiteElo "2597"]
[BlackElo "2503"]

1.d4 d5 2.c4 c6 3.Nc3 Nf6 4.Nf3 e6 5.e3 Nbd7 6.Qc2 Bd6 7.Bd3 O-O 8.O-O dxc4
9.Bxc4 a6 10.Rd1 b5 11.Be2 Qc7 12.e4 e5 13.g3 Re8 14.a3 exd4 15.Nxd4 Be5
16.Be3 c5 17.Nf5 Bb7 18.Nd5 Nxd5 19.exd5  1/2-1/2

[Event "WYg18"]
[Site "Kemer TUR"]
[Date "2007.11.18"]
[Round "1"]
[White "Perrusset,B"]
[Black "Craciun,P"]
[Result "0-1"]
[WhiteElo "1864"]
[BlackElo "2194"]

1.d4 d5 2.c4 c6 3.e3 Nf6 4.Nc3 e6 5.Nf3 Nbd7 6.Be2 Be7 7.O-O O-O 8.Qc2 b6
9.b3 Bb7 10.Bb2 Re8 11.e4 dxe4 12.Nxe4 Nxe4 13.Qxe4 Qc7 14.Rac1 Bd6 15.Qh4 e5
16.dxe5 Nxe5 17.Nxe5 Bxe5 18.Bxe5 Qxe5 19.Bd3 h6 20.Qg3 Qxg3 21.hxg3 c5 22.Rfe1 Kf8
23.Kf1 Rxe1+ 24.Rxe1 Re8 25.f3 Rxe1+ 26.Kxe1 Ke7 27.Ke2 Kd6 28.Ke3 Ke5 29.f4+ Kd6
30.Be4 Bc8 31.Kf3 Bd7 32.Bd3 f5 33.Kf2 a6 34.a4 g5 35.Be2 Ke6 36.Bd3 Bc6
37.Be2 Be4 38.Bd1 g4 39.Kg1 Kd6 40.Kf2 Kd7 41.Kg1 Kc6 42.Kf2 b5 43.axb5+ axb5
44.cxb5+ Kxb5 45.Be2+ Kb4 46.Bc4 Kc3 47.Kg1 Kd2 48.Kf2 Kc2 49.Kg1 Kc3 50.Kf2 Kd4
51.Kg1 Bd5 52.Bxd5 Kxd5 53.Kf2 Kd4 54.Ke2 Kc3 55.Kd1 Kxb3 56.Kc1 Kc3 57.Kd1 Kb2  0-1

[Event "WYg18"]
[Site "Kemer TUR"]
[Date "2007.11.18"]
[Round "1"]
[White "Ivakhinova,I"]
[Black "Jule,A"]
[Result "1-0"]
[WhiteElo "2233"]
[BlackElo "1896"]

1.d4 d5 2.c4 c6 3.Nc3 Nf6 4.Nf3 e6 5.e3 Nbd7 6.Qc2 dxc4 7.Bxc4 a6 8.O-O b5
9.Be2 Bb7 10.Rd1 Qc7 11.a3 c5 12.Bd2 Be7 13.Rac1 Rc8 14.Qb1 Qb8 15.Na2 O-O
16.h3 Ne4 17.Be1 Qa8 18.Nc3 Ng5 19.Nxg5 Bxg5 20.Bf1 Rfd8 21.Ne2 cxd4 22.Rxd4 Bf6
23.Rxc8 Qxc8 24.Rd1 Ne5 25.Bc3 Qa8 26.Ng3 Rd5 27.e4 Rd8 28.f3 Qb8 29.Nh5 Be7
30.Rxd8+ Bxd8 31.Qd1 g6 32.Bxe5 Bb6+ 33.Bd4 Qd8 34.Nf4  1-0

[Event "USCL Semi-Finals 2007"]
[Site "ICC INT"]
[Date "2007.11.19"]
[Round "1"]
[White "Kuljasevic,D"]
[Black "Lugo,Bl"]
[Result "1-0"]
[WhiteElo "2464"]
[BlackElo "2411"]

1.d4 d5 2.c4 c6 3.Nf3 Nf6 4.Nc3 e6 5.e3 Nbd7 6.Qc2 Bd6 7.Be2 O-O 8.O-O Qe7
9.Rd1 dxc4 10.Bxc4 e5 11.h3 e4 12.Ng5 Nb6 13.Bb3 Bf5 14.f3 Rae8 15.Ngxe4 Nxe4
16.fxe4 Bxe4 17.Nxe4 Qxe4 18.Qxe4 Rxe4 19.Bc2 Re7 20.e4 f6 21.b3 Rd8 22.Bb2 Red7
23.a3 c5 24.e5 fxe5 25.dxe5 Be7 26.Rxd7 Rxd7 27.Bf5 Rd2 28.Bc3 Re2 29.Rf1 Re3
30.Be6+ Kh8 31.Rf7 Rxc3 32.Rxe7 g6 33.Rc7 c4 34.bxc4 Rxa3 35.c5 Na4 36.Bd7 Kg8
37.e6 Kf8 38.Rc8+ Ke7 39.Re8+ Kf6 40.Rf8+ Ke7 41.Rf7+ Kd8 42.Bb5 Re3 43.Bxa4 Rxe6
44.Rxb7 Re5 45.Rxa7 Rxc5 46.Rxh7 Rc4 47.Bb3 Rc3 48.Bf7 g5 49.Be6 Ke8 50.Kf2 Rc5
51.Kf3 Re5 52.Bc4 Rc5 53.Bd3 Rc3 54.Ke4 Kf8 55.Rh5 Rc5 56.h4 Ra5 57.Rxg5 Ra4+
58.Kf5 Rxh4 59.Kf6 Rf4+ 60.Bf5 Rf2 61.g4 Rb2 62.Rh5  1-0

[Event "WYb14"]
[Site "Kemer TUR"]
[Date "2007.11.19"]
[Round "2"]
[White "Ashiku,F"]
[Black "Saeed,I"]
[Result "1/2-1/2"]
[WhiteElo "2012"]
[BlackElo "2152"]

1.d4 d5 2.c4 c6 3.e3 Nf6 4.Nf3 e6 5.Nc3 Nbd7 6.Bd3 dxc4 7.Bxc4 b5 8.Bd3 Bb7
9.O-O a6 10.e4 c5 11.d5 c4 12.Bc2 Qc7 13.dxe6 fxe6 14.Ng5 Nc5 15.e5 Qxe5
16.Re1 Qd6 17.Qxd6 Bxd6 18.Nxe6 Nxe6 19.Rxe6+ Kd7 20.Bf5 Kc7 21.Re1 Rae8
22.Bg5 b4 23.Ne2 Be5 24.Bf4 g6 25.Bc2 Nd5 26.Bg3 Kb6 27.Rab1 Bg7 28.f3 Re7
29.Bf2+ Kc7 30.Be4 Rhe8 31.Kf1 h5 32.Rec1 Nb6 33.Bxb6+ Kxb6 34.Rxc4 Bxe4
35.Rxe4 Rxe4 36.fxe4 Rxe4 37.b3 Re7 38.Rc1 Be5 39.g3 Rf7+ 40.Kg2 Rd7 41.Rc2 Kb5
42.Kf3 a5 43.Nc1 Rd1 44.Ke4 Bc3 45.Ne2  1/2-1/2

[Event "World Blitz"]
[Site "Moscow RUS"]
[Date "2007.11.21"]
[Round "13"]
[White "Gelfand,B"]
[Black "Shirov,A"]
[Result "1-0"]
[WhiteElo "2736"]
[BlackElo "2739"]

1.Nf3 Nf6 2.c4 e6 3.Nc3 d5 4.d4 c6 5.e3 Nbd7 6.Qc2 Bd6 7.b3 O-O 8.Be2 e5
9.cxd5 Nxd5 10.Nxd5 cxd5 11.dxe5 Nxe5 12.Bb2 Bb4+ 13.Kf1 Nxf3 14.Bxf3 Be6
15.h4 Be7 16.g3 Bf6 17.Kg2 Rc8 18.Qd2 d4 19.Bxd4 Bd5 20.Rad1 Bxf3+ 21.Kxf3 Qd5+
22.e4 Qe6 23.Bxf6 gxf6 24.Qf4 Rfe8 25.Rhe1 Qh3 26.Qxf6 Re6 27.Qf5 Rc3+ 28.Re3 Rxe3+
29.fxe3 Qh2 30.h5 h6 31.Rd7 Kh8 32.Rxf7 Qh1+ 33.Ke2 Qh2+ 34.Qf2 Qxh5+ 35.Ke1 Qh1+
36.Qf1 Qxf1+ 37.Kxf1 Ra6 38.Rxb7 Rxa2 39.e5 Kg8 40.e6 Kf8 41.Rh7 Rb2 42.Rxa7 Rxb3
43.Kf2 Rb5 44.Rf7+ Ke8 45.Kf3 Rg5 46.Rf6 h5 47.e4 Ke7 48.Rf5 Rg8 49.Rxh5 Kxe6
50.Rf5 Ra8 51.g4 Ra1 52.g5 Rg1 53.Kf4 Rf1+ 54.Kg4 Re1 55.Rf6+ Ke5 56.Ra6 Rg1+
57.Kh5 Kxe4 58.Rf6 Ke5 59.Rf2 Ke6 60.Kg6 Ke7 61.Kh6  1-0

[Event "20th Belgrade Trophy"]
[Site "Belgrade SRB"]
[Date "2007.11.22"]
[Round "1"]
[White "Mlynek,P"]
[Black "Janic,D"]
[Result "1-0"]
[WhiteElo "2210"]
[BlackElo "1810"]

1.d4 d5 2.c4 c6 3.Nc3 Nf6 4.e3 e6 5.Nf3 Nbd7 6.Bd3 dxc4 7.Bxc4 b5 8.Bd3 a6
9.e4 c5 10.d5 c4 11.dxe6 fxe6 12.Bc2 Qc7 13.O-O Bb7 14.Ng5 Nc5 15.Be3 Qc6
16.b4 cxb3 17.Bxb3 Rd8 18.Qc2 Nxb3 19.Qxb3 Bc8 20.Rac1 Qc4 21.Nd5 Qxb3 22.Nc7+ Kd7
23.axb3 Bb4 24.Ngxe6 Ke7 25.Nxd8 Rxd8 26.e5 Ne4 27.Rfd1  1-0

[Event "20th Belgrade Trophy"]
[Site "Belgrade SRB"]
[Date "2007.11.22"]
[Round "1"]
[White "Jovanovic,Neb"]
[Black "Tomic,M2"]
[Result "0-1"]
[WhiteElo "1874"]
[BlackElo "2231"]

1.d4 d5 2.c4 c6 3.Nc3 Nf6 4.e3 e6 5.Nf3 Bd6 6.Bd2 O-O 7.Rc1 Nbd7 8.Be2 dxc4
9.Bxc4 e5 10.O-O h6 11.h3 e4 12.Ne1 Nb6 13.Bb3 Bf5 14.f3 Qd7 15.g4 Bh7 16.f4 Rad8
17.Qe2 Nfd5 18.a4 Nb4 19.f5 Rfe8 20.Qg2 Qe7 21.Ne2 N6d5 22.Nf4 Nxf4 23.exf4 Bc7
24.g5 Bxf5 25.gxh6 g6 26.Rc5 Nd5 27.Nc2 Bb6 28.Rc3 Nxc3 29.bxc3 Qh4 30.Ne3 Qxh3
31.Rf2 Qxg2+ 32.Rxg2 Be6 33.Bxe6 fxe6 34.Rxg6+ Kh8 35.Kf2 Rg8  0-1

[Event "WYb18"]
[Site "Kemer TUR"]
[Date "2007.11.22"]
[Round "6"]
[White "Idrisov,T"]
[Black "Gundavaa,B"]
[Result "1/2-1/2"]
[WhiteElo "2191"]
[BlackElo "2274"]

1.d4 d5 2.c4 c6 3.Nc3 Nf6 4.Nf3 e6 5.e3 Nbd7 6.Bd3 dxc4 7.Bxc4 b5 8.Bd3 Bb7
9.a3 b4 10.Ne4 Nxe4 11.Bxe4 bxa3 12.bxa3 Rb8 13.Rb1 Ba8 14.Rxb8 Qxb8 15.O-O Nf6
16.Bd3 Be7 17.Qc2 O-O 18.e4 h6 19.Bd2 Bxa3 20.Qa4 Be7 21.Ra1 c5 22.e5 Nd5
23.dxc5 Bxc5 24.Qg4 f5 25.exf6 Rxf6 26.Qe4 g6 27.Qh4 Bf8 28.Bxh6 Qb4 29.Bg5 Qxh4
30.Bxh4 Rf7 31.Bxg6 Rg7 32.Be4 Bc5 33.Bg3 Rg4 34.Nd2 Bd4 35.Rb1 Bb6 36.Bf3 Ra4
37.Rc1 Bb7 38.h4 Nf4 39.Bxf4 Bxf3 40.Rc8+ Kf7 41.Nc4 Bd5 42.Ne5+ Kg7 43.Bg3 a5
44.h5 Re4 45.Kh2 a4 46.f3 Re2 47.Nd7 Bd4 48.Rc7 Kh6 49.Bf4+ Kxh5 50.Nf8 Bxf3
51.Kg3 Be4 52.Nxe6 Bb2 53.Nc5 Rxg2+ 54.Kh3 Rf2 55.Nxe4 Rxf4 56.Nd2 Rh4+ 57.Kg2 Rd4
58.Nc4 Bc1 59.Kf2 Kg4 60.Ke2 Kf4 61.Rc5 a3 62.Nxa3 Bxa3 63.Rc2 Bb4 64.Ra2 Ke4
65.Rc2 Be7 66.Ra2 Bg5 67.Rc2 Be3 68.Ra2 Rc4 69.Rb2 Bd4 70.Ra2 Rc3 71.Rd2 Rg3
72.Rc2 Rh3 73.Rd2 Be3 74.Rc2 Rh1 75.Rc4+ Bd4 76.Rc2 Rh4 77.Rd2 Rf4 78.Rc2 Rf3
79.Rd2 Ra3 80.Rc2 Bc3 81.Kf2 Kd3 82.Re2 Bd4+ 83.Kf3 Ra1 84.Rg2 Rf1+ 85.Kg4 Ke4
86.Re2+ Be3 87.Rg2 Rf8 88.Rg3 Rh8 89.Rg2 Rg8+ 90.Kh3  1/2-1/2

[Event "World Blitz"]
[Site "Moscow RUS"]
[Date "2007.11.22"]
[Round "26"]
[White "Grischuk,A"]
[Black "Kasimdzhanov,R"]
[Result "1-0"]
[WhiteElo "2715"]
[BlackElo "2690"]

1.d4 d5 2.c4 c6 3.Nf3 Nf6 4.Nc3 e6 5.e3 Nbd7 6.Bd3 dxc4 7.Bxc4 b5 8.Bd3 Bb7
9.a3 a6 10.b4 a5 11.Rb1 axb4 12.axb4 Nd5 13.Nxd5 exd5 14.e4 dxe4 15.Bxe4 Nf6
16.Bg5 Bxb4+ 17.Rxb4 Qe7 18.Rb2 O-O 19.Re2 Qb4+ 20.Bd2 Qb2 21.O-O Nxe4 22.Rxe4 c5
23.Re3 Bxf3 24.Rxf3 Qxd4 25.Qc2 Ra1 26.Bc3 Rxf1+ 27.Kxf1 Qc4+ 28.Qe2 Qb3
29.Be1 Qa4 30.h3 h6 31.Rg3 b4 32.Kg1 Qa1 33.Kh2 Rb8 34.Bd2 Qf6 35.Qc4 Qc6
36.Bc1 Qd6 37.Bf4  1-0

[Event "World Blitz"]
[Site "Moscow RUS"]
[Date "2007.11.22"]
[Round "28"]
[White "Korotylev,A"]
[Black "Gelfand,B"]
[Result "0-1"]
[WhiteElo "2600"]
[BlackElo "2736"]

1.d4 Nf6 2.Nf3 d5 3.c4 e6 4.Nc3 c6 5.e3 Nbd7 6.Bd2 Bd6 7.Bd3 O-O 8.O-O dxc4
9.Bxc4 a6 10.a4 c5 11.Qe2 cxd4 12.exd4 b6 13.Bg5 h6 14.Bh4 Bb7 15.Ne5 Be7
16.Rad1 Nxe5 17.dxe5 Nd7 18.Bxe7 Qxe7 19.Rd6 Rfc8 20.Ba2 Rc6 21.Rfd1 Rxd6
22.Rxd6 Rc8 23.f4 Nc5 24.Bb1 a5 25.Qe3 Rd8 26.Qd4 Rxd6 27.exd6 Qh4 28.g3 Qd8
29.f5 Qg5 30.Kf2 exf5 31.d7 Ne6 32.Qd6 f4 33.Qb8+ Nd8 34.Be4 fxg3+ 35.hxg3 Bxe4
36.Nxe4 Qf5+ 37.Ke3 Qxd7 38.Qxb6 Nc6 39.Qc5 Qe6 40.Kf3 Ne5+ 41.Ke3 Nc4+ 42.Kd4 Nxb2  0-1

[Event "20th Belgrade Trophy"]
[Site "Belgrade SRB"]
[Date "2007.11.23"]
[Round "2"]
[White "Jovic,Sl"]
[Black "Lorens Ristovic,L"]
[Result "1/2-1/2"]
[WhiteElo "1882"]
[BlackElo "2035"]

1.d4 d5 2.c4 c6 3.Nc3 Nf6 4.Nf3 e6 5.e3 Nbd7 6.Bd3 dxc4 7.Bxc4 b5 8.Bd3 a6
9.e4 c5 10.e5 cxd4 11.exf6 dxc3 12.Be4 Ra7 13.bxc3 gxf6 14.Be3 Bc5 15.Nd4 Qb6
16.Qg4 e5 17.Qg7 Rf8 18.Nf5 Bb7 19.Bxb7 Rxb7 20.Rd1 Bxe3 21.Nd6+ Ke7 22.Nf5+  1/2-1/2

[Event "20th Belgrade Trophy"]
[Site "Belgrade SRB"]
[Date "2007.11.23"]
[Round "2"]
[White "Karic,M"]
[Black "Cvetkovic,Sr"]
[Result "0-1"]
[WhiteElo "2168"]
[BlackElo "2380"]

1.d4 Nf6 2.Nf3 d5 3.e3 c6 4.c4 e6 5.Nc3 Nbd7 6.Qc2 Bd6 7.cxd5 exd5 8.b3 O-O
9.Be2 Re8 10.Bb2 Ne4 11.O-O f5 12.g3 Qf6 13.Kg2 g5 14.Bd3 Qh6 15.Rh1 Qh4  0-1

[Event "20th Belgrade Trophy"]
[Site "Belgrade SRB"]
[Date "2007.11.24"]
[Round "3"]
[White "Dunjic,D"]
[Black "Tomic,M2"]
[Result "0-1"]
[WhiteElo "2033"]
[BlackElo "2231"]

1.d4 d5 2.c4 c6 3.Nc3 Nf6 4.Nf3 e6 5.e3 Nbd7 6.Qc2 Bd6 7.g4 h6 8.Rg1 e5 9.cxd5 cxd5
10.Bb5 e4 11.Ne5 a6 12.Bxd7+ Bxd7 13.h3 b5 14.Qb3 Be6 15.f4 exf3 16.Nxf3 Ne4
17.Bd2 Bg3+ 18.Ke2 h5 19.Be1 hxg4 20.hxg4 Qd6 21.Nxe4 dxe4 22.Bxg3 exf3+
23.Kd3 Bc4+ 24.Kc3 Qe6 25.Qd1 Qxe3+ 26.Kb4 a5+ 27.Kc5 O-O 28.Re1 Rfc8+ 29.Kd6 Be2
30.Rxe2  0-1

[Event "20th Belgrade Trophy"]
[Site "Belgrade SRB"]
[Date "2007.11.24"]
[Round "3"]
[White "Vasovski,N"]
[Black "Milojevic,M"]
[Result "1-0"]
[WhiteElo "2411"]
[BlackElo "2097"]

1.d4 d5 2.c4 c6 3.Nf3 Nf6 4.Nc3 e6 5.e3 Bd6 6.Qc2 Nbd7 7.g4 Bb4 8.Bd2 Qe7
9.a3 Bd6 10.g5 Nh5 11.Rg1 g6 12.Bd3 dxc4 13.Bxc4 b5 14.Be2 Bb7 15.Ne4 a5
16.Nxd6+ Qxd6 17.O-O-O b4 18.a4 Ba6 19.Bxa6 Rxa6 20.Kb1 O-O 21.e4 Rc8 22.Be3 Raa8
23.b3 Ng7 24.h4 Nh5 25.Rc1 Rc7 26.Rgd1 Rac8 27.Nd2 c5 28.Nc4 Qa6 29.d5 exd5
30.Rxd5 Ng7 31.Rd6 Qa7 32.Rcd1 Ne6 33.Qd3 Nd4 34.Bxd4 cxd4 35.Qxd4 Qxd4 36.R1xd4 Nc5
37.Rd8+ Rxd8 38.Rxd8+ Kg7 39.Nd2 Rd7 40.Rxd7 Nxd7 41.Nc4 Nc5 42.Nxa5 Nxe4
43.Nc6 Nxf2 44.a5 Ne4 45.a6 Nc3+ 46.Kc2 Nb5 47.a7 Nc7 48.Nxb4 f5 49.gxf6+ Kf7
50.Nd5 Na8 51.b4 Ke6 52.b5  1-0

[Event "20th Belgrade Trophy"]
[Site "Belgrade SRB"]
[Date "2007.11.24"]
[Round "3"]
[White "Ivanov,Stoi"]
[Black "Nadj Hedjesi,B"]
[Result "1-0"]
[WhiteElo "2231"]
[BlackElo "2380"]

1.Nf3 d5 2.d4 Nf6 3.c4 c6 4.e3 e6 5.Nc3 Nbd7 6.Be2 Bd6 7.O-O O-O 8.Qc2 dxc4
9.Bxc4 b5 10.Bd3 Bb7 11.e4 e5 12.dxe5 Nxe5 13.Nxe5 Bxe5 14.h3 Rc8 15.Be3 c5
16.Bxb5 Bxc3 17.Qxc3 Nxe4 18.Qe5 Qb6 19.Bd7 Rc7 20.Rfd1 Nf6 21.Ba4 Ba8 22.f3 Rcc8
23.Rd6 Qb4 24.b3 Nd5 25.Rd1 Nxe3 26.Qxe3 Qa3 27.Qe7 c4 28.Rd7 Qxe7 29.Rxe7 c3
30.b4 a6 31.Bb3 Rfd8 32.Rxd8+ Rxd8 33.Rc7 g6 34.Bxf7+ Kf8 35.Bb3 Bd5 36.Rxc3 Bxb3
37.Rxb3 Rd1+ 38.Kh2 Ra1 39.Ra3 Rb1 40.Ra4  1-0

[Event "20th Belgrade Trophy"]
[Site "Belgrade SRB"]
[Date "2007.11.24"]
[Round "3"]
[White "Jakovljevic,Vlado"]
[Black "Ugrenovic,B"]
[Result "1-0"]
[WhiteElo "2461"]
[BlackElo "2108"]

1.Nf3 d5 2.d4 Nf6 3.c4 e6 4.Nc3 c6 5.e3 Nbd7 6.Bd3 Bd6 7.O-O O-O 8.e4 dxe4
9.Nxe4 Nxe4 10.Bxe4 h6 11.Bc2 e5 12.Re1 Bb4 13.Bd2 Bxd2 14.Qxd2 exd4 15.Qxd4 Nf6
16.Qc3 Qc7 17.Re3 c5 18.Ne5 Bd7 19.Rg3 Kh8 20.Re1 Rae8 21.Ree3 Bc6 22.Re1 Re7
23.Rge3 Rfe8 24.h3 b6 25.R1e2 Qb7 26.f4 Rc7 27.Qd3 Rcc8 28.Qf5 Red8 29.g4 Rd6
30.Nxf7+ Qxf7 31.Qxc8+ Ng8 32.Qf5 Nf6 33.Re7 Qxc4 34.Re8+  1-0

[Event "WYb18"]
[Site "Kemer TUR"]
[Date "2007.11.24"]
[Round "7"]
[White "Hayrapetian,O"]
[Black "Pena,Alf"]
[Result "1-0"]
[WhiteElo "2374"]
[BlackElo "2249"]

1.d4 d5 2.c4 c6 3.Nf3 Nf6 4.Nc3 e6 5.e3 Nbd7 6.Bd3 dxc4 7.Bxc4 b5 8.Bd3 Be7
9.O-O a6 10.e4 b4 11.Na4 Bb7 12.Be3 Rc8 13.Rc1 c5 14.Nxc5 Nxc5 15.dxc5 O-O
16.Qb3 Nd7 17.Qxb4 Nxc5 18.Bxc5 Bxc5 19.Qd2 Qb6 20.Qe2 Rfd8 21.b3 Bxf2+ 22.Qxf2 Qxf2+
23.Kxf2 Rxd3 24.Rxc8+ Bxc8 25.Rc1 Rd8 26.Ke3 f6 27.Nd4 Bd7 28.Nc6 Ra8 29.Na5 Ra7
30.Rd1 Rc7 31.Rd6 Bc8 32.Kd4 e5+ 33.Kd5 Rc2 34.Nc4 Kf7 35.Rc6  1-0

[Event "KNSB TCh-NED 2007-8"]
[Site "Netherlands NED"]
[Date "2007.11.24"]
[Round "4"]
[White "Van Beek,L"]
[Black "Hoeksema,E"]
[Result "1/2-1/2"]
[WhiteElo "2361"]
[BlackElo "2373"]

1.d4 d5 2.Nf3 Nf6 3.c4 c6 4.e3 e6 5.Nc3 Nbd7 6.Qc2 Bd6 7.b3 O-O 8.Be2 dxc4
9.bxc4 e5 10.O-O exd4 11.exd4 Re8 12.Bg5 Nf8 13.Rad1 h6 14.Bc1 Bg4 15.Ne5 Bxe2
16.Nxe2 Qc7 17.f4 c5 18.Bb2 cxd4 19.Nxd4 Bc5 20.Kh1 Bxd4 21.Bxd4 Ne6 22.Be3 Nc5
23.Qf5 b6 24.Bxc5 Qxc5 25.g4 Qc8 26.Qxc8 Raxc8 27.Rd4 Rcd8 28.Rfd1 Rxd4 29.Rxd4 g5
30.fxg5 hxg5 31.Nf3 Re4 32.Rd8+ Kg7 33.h3 Rxc4 34.Nxg5 Rc1+ 35.Kg2 Rc2+ 36.Kg3 Rxa2
37.Rc8 Ra3+ 38.Nf3 Ne4+ 39.Kf4 Nf2 40.Rc7 Nxh3+ 41.Ke4 Nf2+ 42.Kf4 Ra4+ 43.Kg5 Nxg4
44.Rc6 Ne3 45.Rc7 a5 46.Rb7 Rg4+ 47.Kh5 Rf4 48.Ng5 Rf6 49.Ne4 Re6 50.Ng3 Re5+
51.Kh4 Nf5+ 52.Nxf5+ Rxf5 53.Rxb6 Rf6 54.Rb3 a4 55.Ra3 Ra6 56.Kg5 Ra5+ 57.Kf4 Kf6
58.Ke4 Ke6 59.Kd4 f5 60.Re3+ Kf6 61.Ra3 Kg5 62.Ke3 Kg4 63.Kf2 f4 64.Kg2 Kf5
65.Kf3 Ke5 66.Ke2 Kd4 67.Kd2 Kc4 68.Rf3 a3 69.Kc2 Rf5 70.Rxa3 f3 71.Ra1 Kd4
72.Kd2 Rf8 73.Ra4+ Ke5 74.Ke1  1/2-1/2